000 00543nam a2200241Ia 4500
005 20260306150636.0
008 008 260114s9999 xx 000 0 eng d
020 _a9780674735507
037 _aEbook
040 _aCRL
040 _beng
040 _cCRL
041 _2eng
041 _aeng
084 _qCRL
245 0 _aAfter Physics
260 _bHarvard University Press
260 _c2015
650 _aPhysics
856 _uhttps://www.degruyter.com/isbn/9780674735507
942 _cEBOOK
999 _c1698399
_d1698399